000 00296nam a2200133Ia 4500
005 20251222155108.0
008 251222s9999||||xx |||||||||||||| ||spa||
082 _aMEQ. 90
100 _aMARTINEZ, M.
245 0 _aEnfermedad Pulmonar
250 _a1ra. ed.
264 _bNo tiene
942 _cLIB
999 _c37943
_d37943